00300nam a2200109Ia 4500008004100000041000800041082001200049100002100061245006500082260003500147300000800182230511s1970 xx 000 0 und d aeng a346.082 aHoldon J Milnes  aThe Law Practice of Banking Securities for Banker Advances  aNew DelhibPitman Seriesc1970 a427